| 000 | 00347nam a2200133Ia 4500 | ||
|---|---|---|---|
| 008 | 190905s9999||||xx |||||||||||||| ||und|| | ||
| 020 | _a978-93-325-1908-4 | ||
| 100 | _aRonald E.Walpole | ||
| 245 | 0 | _aProbability and Statistics for Engineers and Scientists | |
| 250 | _a9th | ||
| 260 |
_aIndia _bPearson _c2016 |
||
| 300 | _a856 | ||
| 942 | _cBK | ||
| 999 |
_c5859 _d5859 |
||